| 000 | 01138nam a2200289Ia 4500 | ||
|---|---|---|---|
| 001 | ebr10639753 | ||
| 003 | CaPaEBR | ||
| 006 | m u | ||
| 007 | cr cn||||||||| | ||
| 008 | 130111s2012 enka s 001 0 eng d | ||
| 020 | _z9781849519588 | ||
| 020 | _z9781849519595 | ||
| 040 |
_aCaPaEBR _cCaPaEBR |
||
| 035 | _a(OCoLC)847595201 | ||
| 050 | 1 | 4 |
_aQA76.73.C58 _bB38 2012eb |
| 100 | 1 | _aErasmus, Michael. | |
| 245 | 1 | 0 |
_aCoffeeScript programming with jQuery, Rails, and Node.js _h[electronic resource] / _cMichael Erasmus. |
| 260 |
_aBirmingham, UK : _bPackt Pub., _c2012. |
||
| 300 |
_aiv, 125 p. : _bill. |
||
| 500 | _aIncludes index. | ||
| 533 |
_aElectronic reproduction. _bPalo Alto, Calif. : _cebrary, _d2013. _nAvailable via World Wide Web. _nAccess may be limited to ebrary affiliated libraries. |
||
| 650 | 0 | _aCoffeeScript (Computer program language) | |
| 650 | 0 | _aProgramming languages (Electronic computers) | |
| 655 | 7 |
_aElectronic books. _2local |
|
| 710 | 2 | _aebrary, Inc. | |
| 856 | 4 | 0 |
_uhttp://site.ebrary.com/lib/rucke/Doc?id=10639753 _zAn electronic book accessible through the World Wide Web; click to view |
| 999 |
_c160214 _d160214 |
||